Loading...
| Current Events | 2 | 20.00 | 100% | 100% | 0% |
| Fine Arts - Classical Music | 3 | 3.33 | 33% | 0% | 0% |
| Fine Arts - Other Fine Arts | 6 | 6.67 | 67% | 0% | 0% |
| Fine Arts - Painting and Sculpture | 1 | 0.00 | 0% | 0% | 0% |
| History - American History | 2 | 10.00 | 50% | 50% | 0% |
| History - European History | 7 | 17.14 | 71% | 29% | 71% |
| History - Other History | 3 | 10.00 | 100% | 0% | 0% |
| History - World History | 2 | 10.00 | 100% | 0% | 0% |
| Literature - American Literature | 5 | 12.00 | 60% | 40% | 20% |
| Literature - British Literature | 2 | 10.00 | 100% | 0% | 0% |
| Literature - European Literature | 5 | 6.00 | 60% | 0% | 0% |
| Literature - World Literature | 4 | 10.00 | 75% | 25% | 0% |
| Mythology | 3 | 6.67 | 67% | 0% | 0% |
| Other Academic | 1 | 10.00 | 100% | 0% | 0% |
| Philosophy | 1 | 10.00 | 100% | 0% | 0% |
| Pop Culture | 1 | 10.00 | 0% | 100% | 0% |
| Religion | 3 | 6.67 | 67% | 0% | 0% |
| Science - Biology | 3 | 6.67 | 67% | 0% | 0% |
| Science - Chemistry | 3 | 3.33 | 33% | 0% | 0% |
| Science - Other Science | 4 | 7.50 | 50% | 25% | 0% |
| Science - Physics | 2 | 5.00 | 50% | 0% | 0% |
| Social Science | 1 | 20.00 | 100% | 100% | 0% |